000 01334nam a2200277 4500
001 0000017494
003 CO-CtgCURN
005 20250507183112.0
007 ta
008 160627s2000 000 0 eng d
020 _a9586761126
040 _aCO-CtgCURN
_bspa
_ccoctgcurn
082 0 _a346.6
_bJ17a
100 1 _aJaramillo Castañeda, Armando.
245 1 0 _aArrendamiento y restitucion :
_bvivienda urbana, comercial, regulacion de la renta ! jurisprudencia de la corte suprema, corte constitucional y tribunal superior de Bogotá, ley-marco para la financiacion de vivienda /
_cArmando Jaramillo Castañeda.
260 _aBogotá :
_bEdiciones Doctrina y Ley,
_c2000.
300 _axiv, 669 p.
336 _2rdacontent
337 _2rdamedia
_asin mediacion
_bn
338 _2rdacarrier
_avolumen
_bnc
505 8 _aArrendamiento de inmuebles destinados a vivienda urbana. Naturaleza juridica.--Esencialidades contractuales.--Obligaciones del arrendador.--Obligaciones especiales y otros aspectos.--Restitucion de inmueble arrendado para vivienda urbana.--Arrendamiento mercantil.--Renovacion del contrato.--Regulacion de la renta
650 1 4 _aArrendamiento
_vLegislacion
_zColombia.
908 _a160627
942 _cBK
_h346.6
_iJ17a
_2ddc
_n0
999 _c2108
_d2108